| 000 | 00990cab a2200253 4500 | ||
|---|---|---|---|
| 001 | ABS50017 | ||
| 008 | 090401t1994 xxu||||| |||| 00| 0 eng d | ||
| 035 | _a(Sirsi) u73676 | ||
| 041 | _aeng | ||
| 100 | _aEvans, D.F. | ||
| 245 | 4 | _aThe Wimpey Homes case and unilateral planning obligations | |
| 260 | _c1994 | ||
| 350 | _a0 | ||
| 490 |
_aJournal of Planning and Environment Law _vJanuary 1994, 20-23(4) |
||
| 520 | _aDiscusses the case "Wimpey Homes Holdings Limited v SoS Environment and Winchester CC" (1993 JPL 919), the first to be heard on unilateral obligations since the Planning and Compensation Act 1991 s12 inserted a new s106 in the Town and Country Planning Act 1990. | ||
| 650 | _aPLANNING AND COMPENSATION ACT 1991 S12 | ||
| 650 | _aPLANNING OBLIGATIONS | ||
| 650 | _aPLANNING PERMISSION | ||
| 650 | _aTOWN AND COUNTRY PLANNING ACT 1990 S106 | ||
| 650 | _aUNILATERAL OBLIGATIONS | ||
| 690 | _aPLANNING LAW AND PRACTICE | ||
| 942 | _n0 | ||
| 948 | _c04/03/1997 | ||
| 999 |
_c46525 _d46525 |
||